[Event "Mondiale Lampo FIDE 2019"]
[Site "Mosca"]
[Date "30.12.2019"]
[Round "19.96"]
[White "Mikhailovsky, Vladimir"]
[Black "Tsoi, Dmitry"]
[Result "0-1"]
[WhiteTitle "CM"]
[BlackTitle "FM"]
[WhiteElo "2209"]
[BlackElo "2321"]
[WhiteFideId "34105414"]
[BlackFideId "24194697"]
[EventDate "2019.12.29"]

1. d4 f5 2. Nc3 Nf6 3. e4 fxe4 4. g4 c6 5. g5 Nd5 6. Nxe4 d6 7. Bd3 g6 8. c3 Bg7
9. h4 Bf5 10. Ne2 Bg4 11. Rg1 Bf3 12. Rg3 Rf8 13. Qc2 Bh5 14. Bd2 Nd7 15. c4
N5b6 16. Nf4 Rxf4 17. Bxf4 Bxd4 18. Kf1 Be5 19. Bxe5 Nxe5 20. f4 Nxd3 21. Qxd3
Qd7 22. c5 Nd5 23. cxd6 O-O-O 24. Qd4 Qf5 25. dxe7 Qxf4+ 26. Qf2 Qxf2+ 27. Kxf2
Nxe7 28. Re1 Nf5 29. Ra3 Nxh4 30. Rxa7 Kb8 31. Ra3 Nf5 32. Rb3 Kc7 33. Rc3 Rd4
34. Rc2 Rd3 35. Rc3 Rd4 36. a3 Kb6 37. b4 Kb5 38. Rc5+ Kb6 39. Rc2 Rd3 40. Rc3
Rd4 41. Rh3 Rc4 42. Rd3 Rc2+ 43. Rd2 Rc4 44. Rb1 Rxe4 45. a4 Rf4+ 46. Kg1 Nd4
47. Rf2 Nf3+ 48. Kg2 Rg4+ 49. Kf1 Rg1+ 50. Ke2 Rxb1 51. Ke3 Rxb4 52. a5+ Kxa5
53. Ra2+ Kb6 54. Kd3 Ne5+ 55. Kc3 Rc4+ 56. Kb3 Bd1+ 57. Kb2 Nd3+ 58. Ka3 Ra4# 0-1

[Event "Mondiale Lampo FIDE 2019"]
[Site "Mosca"]
[Date "30.12.2019"]
[Round "19.97"]
[White "Zarubitski, Viachaslau"]
[Black "Xu, Xiangyu"]
[Result "1/2-1/2"]
[WhiteTitle "IM"]
[BlackTitle "GM"]
[WhiteElo "2451"]
[BlackElo "2582"]
[WhiteFideId "13509373"]
[BlackFideId "8608288"]
[EventDate "2019.12.29"]

1. e4 e5 2. Nf3 Nf6 3. Nxe5 d6 4. Nf3 Nxe4 5. d4 d5 6. Bd3 Be7 7. O-O O-O 8. Re1
Bf5 9. Bf4 Nc6 10. Nbd2 Nxd2 11. Qxd2 Bxd3 12. Qxd3 Qd7 13. h3 Rfe8 14. c3 Bd6
15. Bxd6 Qxd6 16. g3 h6 17. Kg2 Qd7 18. h4 a6 19. Rxe8+ Rxe8 20. Re1 Rxe1 21.
Nxe1 Qe6 22. Nc2 Ne7 23. Ne3 g6 24. Qd1 h5 25. Qf3 Qd6 26. Qe2 Qe6 27. Qf3 Qd6
28. Qe2 Qe6 29. Qf3 1/2-1/2

[Event "Mondiale Lampo FIDE 2019"]
[Site "Mosca"]
[Date "30.12.2019"]
[Round "19.98"]
[White "Usov, Aleksandr E."]
[Black "Gukesh, D"]
[Result "1-0"]
[BlackTitle "GM"]
[WhiteElo "2012"]
[BlackElo "2547"]
[WhiteFideId "24257109"]
[BlackFideId "46616543"]
[EventDate "2019.12.29"]

1. e4 c5 2. Nf3 Nc6 3. c3 Nf6 4. e5 Nd5 5. d4 cxd4 6. cxd4 e6 7. Nc3 d6 8. Bb5
Bd7 9. Nxd5 exd5 10. O-O dxe5 11. Bxc6 bxc6 12. Nxe5 Be7 13. Nxd7 Qxd7 14. Be3
O-O 15. Qc2 Bd6 16. h3 f5 17. Rac1 Rac8 18. f3 Bb8 19. Kh1 Rfe8 20. Rfe1 Bg3 21.
Re2 Qe6 22. f4 c5 23. Qd3 c4 24. Qd2 Bxf4 25. Rce1 Bxe3 26. Rxe3 Qd7 27. Rxe8+
Rxe8 28. Rxe8+ Qxe8 29. Qa5 Qd7 30. Qb4 Kf7 31. Kg1 g5 32. Kf2 h5 33. b3 cxb3
34. Qxb3 Qc6 35. Qd3 Kf6 36. Qe2 Qd6 37. Qe3 Qe6 38. Qc3 Qd6 39. Qe3 h4 40. Kf1
Qf4+ 41. Qxf4 gxf4 42. Kf2 Kg6 43. Ke2 Kh5 44. Kf2 Kg5 45. Kf3 a6 46. a3 a5 47.
a4 Kg6 48. Kxf4 Kf6 49. g3 hxg3 50. Kxg3 Kg5 51. h4+ Kh5 52. Kf4 Kxh4 53. Kxf5
Kg3 1-0

[Event "Mondiale Lampo FIDE 2019"]
[Site "Mosca"]
[Date "30.12.2019"]
[Round "19.99"]
[White "Mesropov, Konstantin"]
[Black "Miranda Neto, Jayme Amorim"]
[Result "1-0"]
[WhiteTitle "IM"]
[BlackTitle "CM"]
[WhiteElo "2422"]
[BlackElo "2102"]
[WhiteFideId "4116887"]
[BlackFideId "2115964"]
[EventDate "2019.12.29"]

1. d4 Nf6 2. Bg5 Ne4 3. Bf4 d5 4. e3 e6 5. Bd3 Bd6 6. Bxd6 Qxd6 7. Bxe4 dxe4 8.
Nc3 f5 9. f3 exf3 10. Nxf3 O-O 11. O-O a6 12. e4 Nd7 13. Qe2 b6 14. exf5 exf5
15. Qc4+ Kh8 16. Ng5 Qf6 17. Ne6 Ne5 18. dxe5 Qxe6 19. Qxc7 h6 20. Rad1 Re8 21.
Rd8 Rxd8 22. Qxd8+ Kh7 23. Qc7 Bd7 24. Rd1 Bc6 25. Rd6 Qxe5 26. Rxh6+ 1-0

[Event "Mondiale Lampo FIDE 2019"]
[Site "Mosca"]
[Date "30.12.2019"]
[Round "19.100"]
[White "Mozharov, Mikhail"]
[Black "Masrahi, Abdulrahman A"]
[Result "1-0"]
[WhiteTitle "GM"]
[BlackTitle "CM"]
[WhiteElo "2558"]
[BlackElo "1956"]
[WhiteFideId "4189825"]
[BlackFideId "21501564"]
[EventDate "2019.12.29"]

1. d4 Nf6 2. c4 e6 3. Nc3 Bb4 4. e3 O-O 5. Nf3 Qe7 6. Bd3 d6 7. O-O Bxc3 8. bxc3
e5 9. e4 b6 10. Re1 c5 11. d5 Nbd7 12. Nd2 Re8 13. a4 Nf8 14. Nf1 Ng6 15. g3 Bg4
16. f3 Bh3 17. Ne3 Qd7 18. Qe2 h5 19. Qf2 Nh7 20. Re2 Ng5 21. a5 Bg4 22. Nxg4
Nh3+ 23. Kg2 Nxf2 24. Nxf2 bxa5 25. Rea2 Reb8 26. Bc2 h4 27. Rxa5 hxg3 28. hxg3
Rb7 29. Ra6 f6 30. Ng4 Kf7 31. Ba4 Qc7 32. Bc6 Rab8 33. Bxb7 Rxb7 34. Rc6 Qd7
35. Raa6 Rb6 36. Rcxb6 axb6 37. Rxb6 Qc7 38. Rc6 Qd7 39. Ne3 Ne7 40. Ra6 Qc7 41.
Bd2 g6 42. g4 Qd7 43. Be1 f5 44. gxf5 gxf5 45. Bh4 fxe4 46. fxe4 Ng6 47. Bg5
Nf4+ 48. Bxf4 exf4 49. Nf5 Kg8 50. Rxd6 Qe8 51. Kf3 Qh5+ 52. Kxf4 Qh2+ 53. Kg5
Qg1+ 54. Kf6 Qh2 55. Ke6 Qf4 56. e5 Qxc4 57. Rd8+ Kh7 58. Kf6 Qa6+ 59. d6 Qb6
60. Re8 c4 61. Re6 Qf2 62. d7 Qf3 63. Re7+ Kh8 64. d8=R# 1-0

[Event "Mondiale Lampo FIDE 2019"]
[Site "Mosca"]
[Date "30.12.2019"]
[Round "19.101"]
[White "Thing, Bibek"]
[Black "Al Nhier, Hamoud"]
[Result "1-0"]
[WhiteTitle "CM"]
[BlackTitle "FM"]
[WhiteElo "2222"]
[BlackElo "1934"]
[WhiteFideId "12303135"]
[BlackFideId "21500045"]
[EventDate "2019.12.29"]

1. e4 Nc6 2. Nf3 e5 3. Bb5 Nf6 4. O-O Nxe4 5. d4 Nd6 6. dxe5 Nxb5 7. a4 Nbd4 8.
Nxd4 Nxd4 9. Qxd4 d5 10. exd6 Qxd6 11. Qe4+ Be7 12. Bf4 Qe6 13. Qd4 c5 14. Qd2
Qc6 15. Nc3 Be6 16. Nb5 O-O 17. Rfe1 a6 18. Nc7 Rad8 19. Qe2 Bf6 20. Nxe6 Rde8
21. Qc4 b5 22. axb5 axb5 23. Qb3 fxe6 24. Bg3 Kh8 25. h3 e5 26. Re2 c4 27. Qb4
e4 28. Rae1 Re6 29. b3 Rfe8 30. bxc4 bxc4 31. Rb1 e3 32. fxe3 Rxe3 33. Rxe3 Rxe3
34. Bf2 Re8 35. Qb5 Qc8 36. Rd1 h6 37. Qd5 Rd8 38. Qf3 Rxd1+ 39. Qxd1 Qf5 40.
Qe2 Qd5 41. g3 c3 42. h4 h5 43. Be3 Qf5 44. Kg2 Qe4+ 45. Kh2 Kg8 46. Qd3 Qxd3
47. cxd3 Kf7 48. Kg2 Ke6 49. Kf3 Kd5 50. Ke2 Be5 51. Bf2 Bd4 52. Be1 Kc5 53. Kd1
Kb4 54. Kc2 Be5 55. Bf2 Bd6 1-0

[Event "Mondiale Lampo FIDE 2019"]
[Site "Mosca"]
[Date "30.12.2019"]
[Round "19.102"]
[White "Al Thebaiti, Ahmed M"]
[Black "Tissir, Mohamed"]
[Result "0-1"]
[WhiteTitle "CM"]
[BlackTitle "IM"]
[WhiteElo "1976"]
[BlackElo "2379"]
[WhiteFideId "21502390"]
[BlackFideId "9000240"]
[EventDate "2019.12.29"]

1. d4 e6 2. Bf4 Nf6 3. e3 d6 4. h3 g6 5. Nf3 Bg7 6. Bh2 O-O 7. c4 b6 8. Be2 Bb7
9. O-O Nbd7 10. Nc3 Qe7 11. b4 e5 12. Qc2 e4 13. Nd2 Rfe8 14. Nb5 Nf8 15. Rac1
a6 16. Nc3 h5 17. a4 N8h7 18. Nb3 Ng5 19. c5 Bc8 20. c6 Bf5 21. h4 Ngh7 22. Bg3
g5 23. b5 a5 24. hxg5 Nxg5 25. Bh4 Ng4 26. Bxg4 hxg4 27. Nd5 Nf3+ 28. gxf3 Qxh4
29. f4 Re6 30. Kg2 Qh3+ 31. Kg1 Rh6 0-1

[Event "Mondiale Lampo FIDE 2019"]
[Site "Mosca"]
[Date "30.12.2019"]
[Round "19.103"]
[White "Al Mutairi, Hassan S"]
[Black "Luukkonen, Tommi"]
[Result "0-1"]
[WhiteTitle "CM"]
[BlackTitle "FM"]
[WhiteElo "1883"]
[BlackElo "2290"]
[WhiteFideId "21500193"]
[BlackFideId "501808"]
[EventDate "2019.12.29"]

1. e4 c5 2. d4 cxd4 3. c3 dxc3 4. Nxc3 Nc6 5. Nf3 e6 6. Bc4 a6 7. O-O b5 8. Bb3
Bb7 9. e5 d5 10. exd6 Bxd6 11. Ne4 Be7 12. Qe2 Nf6 13. Rd1 Qc7 14. Bg5 Nxe4 15.
Qxe4 O-O 16. Rac1 Rac8 17. Qh4 h6 18. Bxe7 Qxe7 19. Qg3 Na5 20. Bc2 Bd5 21. b3
Nc6 22. Ne5 Nxe5 23. Qxe5 Rfd8 24. Bb1 Qg5 25. Qxg5 hxg5 26. h3 b4 27. Kh2 Rc3
28. Rxc3 bxc3 29. Kg3 f5 30. Rc1 Rc8 31. Bd3 Rc6 32. f4 gxf4+ 33. Kxf4 Kf7 34.
g3 Kf6 35. h4 e5+ 36. Ke3 e4 37. Be2 Ke5 38. Bf1 a5 39. Be2 Rg6 40. Rg1 Rc6 41.
h5 c2 42. Kd2 Kd4 43. Rc1 e3+ 44. Ke1 Kc3 0-1

[Event "Mondiale Lampo FIDE 2019"]
[Site "Mosca"]
[Date "30.12.2019"]
[Round "20.1"]
[White "Carlsen, Magnus"]
[Black "Grischuk, Alexander"]
[Result "1/2-1/2"]
[WhiteTitle "GM"]
[BlackTitle "GM"]
[WhiteElo "2872"]
[BlackElo "2777"]
[WhiteFideId "1503014"]
[BlackFideId "4126025"]
[EventDate "2019.12.29"]

1. d4 Nf6 2. c4 g6 3. Nc3 Bg7 4. e4 d6 5. Nf3 O-O 6. Be2 e5 7. O-O Nc6 8. dxe5
dxe5 9. Qxd8 Nxd8 10. Be3 Ne6 11. h3 c6 12. Nxe5 Nxe4 13. Nxc6 bxc6 14. Nxe4
Bxb2 15. Rad1 Ba6 16. Rd7 f5 17. Nc5 Nxc5 18. Bxc5 Rf7 19. Rfd1 Rxd7 20. Rxd7
Re8 21. Kf1 Re5 22. Rxa7 Rxc5 23. Rxa6 Bc3 24. g3 Ra5 25. Rxc6 Rxa2 26. c5 Rc2
27. Bd3 Rc1+ 28. Kg2 Bd4 29. Rc8+ Kg7 30. c6 Bb6 31. h4 Rc3 32. Bb5 Rc2 33. Rb8
Bxf2 34. Rb7+ Kf6 35. Ba4 Ra2 36. Bb3 Rb2 37. Kf3 Bd4 38. g4 Rf2+ 39. Kg3 f4+
40. Kh3 Rf3+ 41. Kg2 Rf2+ 42. Kh3 Rf3+ 43. Kg2 Rf2+ 1/2-1/2

[Event "Mondiale Lampo FIDE 2019"]
[Site "Mosca"]
[Date "30.12.2019"]
[Round "20.4"]
[White "Yu, Yangyi"]
[Black "Aronian, Levon"]
[Result "1/2-1/2"]
[WhiteTitle "GM"]
[BlackTitle "GM"]
[WhiteElo "2738"]
[BlackElo "2775"]
[WhiteFideId "8603820"]
[BlackFideId "13300474"]
[EventDate "2019.12.29"]

1. d4 Nf6 2. c4 e6 3. Nf3 d5 4. Nc3 Be7 5. g3 O-O 6. Bg2 Nbd7 7. Qd3 b6 8. cxd5
Nxd5 9. O-O Bb7 10. Nxd5 Bxd5 11. e4 Bb7 12. Rd1 c5 13. Qe2 cxd4 14. Nxd4 Qe8
15. Nb5 Ba6 16. a4 Nc5 17. Qg4 Rd8 18. Bh6 Bf6 19. Nc7 Rxd1+ 20. Qxd1 Qc8 21.
Nxa6 Qxa6 22. Be3 Bxb2 23. Ra2 Bf6 24. a5 Qc4 25. Qc2 Qxc2 26. Rxc2 Rc8 27. f4
Be7 28. axb6 axb6 29. e5 g6 30. Bf1 Ra8 31. Rb2 Nd7 32. Kg2 Bc5 33. Bxc5 Nxc5
34. Rxb6 Ra2+ 35. Kg1 Ra1 36. Kg2 Ra2+ 37. Kg1 Ra1 38. Kg2 1/2-1/2

[Event "Mondiale Lampo FIDE 2019"]
[Site "Mosca"]
[Date "30.12.2019"]
[Round "20.6"]
[White "Artemiev, Vladislav"]
[Black "Mamedov, Rauf"]
[Result "1/2-1/2"]
[WhiteTitle "GM"]
[BlackTitle "GM"]
[WhiteElo "2731"]
[BlackElo "2659"]
[WhiteFideId "24101605"]
[BlackFideId "13401653"]
[EventDate "2019.12.29"]

1. Nf3 c5 2. b3 Nf6 3. Bb2 Nc6 4. c4 g6 5. g3 Bg7 6. Bg2 O-O 7. O-O d6 8. Nc3 e5
9. d3 h6 10. Nd2 Be6 11. e3 d5 12. e4 d4 13. Nd5 Nd7 14. Qe2 Nb4 15. a3 Nc6 16.
f4 exf4 17. gxf4 Re8 18. Qf2 f5 19. Rae1 Kh7 20. Re2 Nf6 21. h3 fxe4 22. Nxf6+
Qxf6 23. Nxe4 Qf8 24. Ng3 Bd7 25. Kh2 Re3 26. Be4 Re8 27. Bc1 Rxe2 28. Qxe2 Ne7
29. Bxb7 Nd5 30. Qf3 Ne3 31. Rg1 Rb8 32. Be4 Nf5 33. b4 cxb4 34. axb4 Qxb4 35.
Qg2 Qe7 36. Nxf5 gxf5 37. Qg6+ Kh8 38. Bxf5 Bxf5 39. Qxf5 Rb1 40. Qg4 Qf7 41.
Bd2 Rb2 42. Rg2 Ra2 43. Qf3 a5 44. Qa8+ Kh7 45. Qe4+ Kh8 46. f5 a4 47. Bf4 Rxg2+
48. Kxg2 a3 49. Qa8+ Qf8 50. Qa7 Qxf5 51. Bd6 Qxd3 52. Qa8+ Kh7 53. Qxa3 Qe2+
54. Kg3 Qxc4 55. Qf3 d3 56. Qf5+ Kg8 57. Bf4 Qd4 58. Qe6+ Kh8 59. Qc8+ Kh7 60.
Qf5+ Kg8 61. Qe6+ Kh8 62. Qc8+ Kh7 63. Qf5+ 1/2-1/2

[Event "Mondiale Lampo FIDE 2019"]
[Site "Mosca"]
[Date "30.12.2019"]
[Round "20.7"]
[White "Sarana, Alexey"]
[Black "Vachier-Lagrave, Maxime"]
[Result "0-1"]
[WhiteTitle "GM"]
[BlackTitle "GM"]
[WhiteElo "2663"]
[BlackElo "2780"]
[WhiteFideId "24133795"]
[BlackFideId "623539"]
[EventDate "2019.12.29"]

1. e4 c5 2. Nf3 d6 3. Bb5+ Nd7 4. d4 cxd4 5. Qxd4 a6 6. Bxd7+ Bxd7 7. c4 e6 8.
Nc3 Nf6 9. Bg5 Be7 10. O-O O-O 11. Rfd1 Bc6 12. Qd3 Qa5 13. Bd2 Qh5 14. h3 Rac8
15. Nd4 Nd7 16. Nxc6 Rxc6 17. b3 Bf6 18. Rac1 Rfc8 19. Ne2 Nc5 20. Qe3 Qg6 21.
Bb4 Nxe4 22. Nf4 Qf5 23. g4 Qe5 24. Nd3 Qd4 25. Qe2 d5 26. Nc5 Qe5 27. Nxe4 dxe4
28. Re1 b5 29. Qxe4 Qxe4 30. Rxe4 g5 31. Bd2 Kg7 32. Be3 Be7 33. Kg2 Kg6 34. f4
Ba3 35. Rc2 h6 36. fxg5 hxg5 37. Re5 f6 38. Re4 e5 39. Bf2 Kf7 40. h4 gxh4 41.
Bxh4 Be7 42. Bf2 Ke6 43. Kf3 a5 44. Ke2 a4 45. Kd3 Rd8+ 46. Ke2 axb3 47. axb3
Rh8 48. Ra2 b4 49. Kf3 Rh3+ 50. Bg3 Bc5 51. Kg2 Rh8 52. Ree2 Rg8 53. Re4 Rd6 54.
Bf2 Bxf2 55. Rxf2 f5 56. Rxf5 Rxg4+ 57. Rxg4 Kxf5 58. Rg3 Rd2+ 59. Kf1 Rc2 60.
Ke1 Kf4 61. Rh3 e4 62. Kd1 Rg2 63. c5 Rg5 64. c6 Rd5+ 65. Ke2 Rc5 66. Rh6 Rc2+
67. Kd1 Rc3 68. Ke2 Ke5 69. Rh5+ Kd6 70. Rb5 Rxb3 71. Rb6 Kc7 72. Ra6 e3 73. Kf3
Rc3 74. Ke2 b3 75. Ra4 Kxc6 76. Rb4 Kc5 77. Rb8 Kc4 78. Rb7 Rc2+ 79. Kxe3 Kc3
80. Rb8 Rh2 81. Rc8+ Kb2 82. Kd3 Kb1 83. Rg8 b2 84. Ra8 Rh7 85. Ke2 Rd7 86. Ra6
Rd5 0-1

[Event "Mondiale Lampo FIDE 2019"]
[Site "Mosca"]
[Date "30.12.2019"]
[Round "20.8"]
[White "Fedoseev, Vladimir3"]
[Black "Vidit, Santosh Gujrathi"]
[Result "1-0"]
[WhiteTitle "GM"]
[BlackTitle "GM"]
[WhiteElo "2677"]
[BlackElo "2721"]
[WhiteFideId "24130737"]
[BlackFideId "5029465"]
[EventDate "2019.12.29"]

1. e4 e5 2. Nf3 Nc6 3. Bb5 a6 4. Ba4 Nf6 5. O-O Nxe4 6. d4 b5 7. Bb3 d5 8. dxe5
Be6 9. c3 Be7 10. Nbd2 O-O 11. Bc2 f5 12. exf6 Nxf6 13. a4 b4 14. Re1 Qd7 15.
Nf1 Bg4 16. Ne3 bxc3 17. Nxg4 Nxg4 18. h3 cxb2 19. Bxb2 Nf6 20. Ng5 g6 21. Bb3
Nb4 22. Qe2 Bd6 23. Ne4 Nxe4 24. Qxe4 Bc5 25. Qe5 Bxf2+ 26. Kh1 Bxe1 27. Rxe1
Qd6 28. Qg7# 1-0

[Event "Mondiale Lampo FIDE 2019"]
[Site "Mosca"]
[Date "30.12.2019"]
[Round "20.9"]
[White "Mamedyarov, Shakhriyar"]
[Black "Svidler, Peter"]
[Result "1/2-1/2"]
[WhiteTitle "GM"]
[BlackTitle "GM"]
[WhiteElo "2772"]
[BlackElo "2723"]
[WhiteFideId "13401319"]
[BlackFideId "4102142"]
[EventDate "2019.12.29"]

1. d4 Nf6 2. Nf3 g6 3. g3 Bg7 4. Bg2 d5 5. O-O O-O 6. c4 c6 7. Qb3 dxc4 8. Qxc4
b5 9. Qb3 Be6 10. Qd1 Nbd7 11. Ng5 Bd5 12. e4 Bc4 13. Re1 e5 14. b3 Be6 15. Bb2
Bg4 16. f3 h6 17. Nxf7 Rxf7 18. fxg4 Qb6 19. Kh1 Rd8 20. d5 cxd5 21. exd5 e4 22.
Bd4 Nc5 23. Nc3 Nxd5 24. Nxe4 Bxd4 25. Qxd4 Nxe4 26. Qxe4 Nc3 27. Qe5 Qd4 28.
Qe6 Rd6 29. Qc8+ Kh7 30. b4 Nd1 31. Raxd1 Qxd1 32. Rxd1 Rxd1+ 33. Bf1 Rdxf1+ 34.
Kg2 R1f2+ 35. Kh3 Rxa2 36. Qe8 1/2-1/2

[Event "Mondiale Lampo FIDE 2019"]
[Site "Mosca"]
[Date "30.12.2019"]
[Round "20.10"]
[White "Andreikin, Dmitry"]
[Black "Nihal, Sarin"]
[Result "1-0"]
[WhiteTitle "GM"]
[BlackTitle "GM"]
[WhiteElo "2724"]
[BlackElo "2612"]
[WhiteFideId "4158814"]
[BlackFideId "25092340"]
[EventDate "2019.12.29"]

1. d4 Nf6 2. Nf3 d5 3. c4 e6 4. e3 b6 5. Nc3 Bb7 6. cxd5 exd5 7. Bb5+ c6 8. Bd3
Bd6 9. O-O O-O 10. e4 dxe4 11. Nxe4 Nxe4 12. Bxe4 Nd7 13. Bg5 Qc7 14. Rc1 Rfe8
15. Qc2 h6 16. Bh4 c5 17. Bxb7 Qxb7 18. Rcd1 Rac8 19. dxc5 Bxc5 20. Qf5 Nf8 21.
a3 a5 22. Bg3 Qe4 23. Qxe4 Rxe4 24. Rfe1 Rxe1+ 25. Nxe1 Ne6 26. Kf1 Bd4 27. Rb1
f5 28. f3 Kf7 29. Bf2 Bxf2 30. Kxf2 Kf6 31. Rd1 Rc6 32. g3 g5 33. Rd2 Nc5 34.
Rd8 Ne6 35. Rh8 Kg7 36. Rb8 Rd6 37. Ke3 f4+ 38. gxf4 Nxf4 39. Nc2 Rd3+ 40. Ke4
Rb3 41. Nd4 Rxb2 42. Kf5 Rd2 43. Rb7+ Kf8 44. Nc6 Rd5+ 45. Ke4 b5 46. Ne5 Rd2
47. Kf5 Rd6 48. Rxb5 a4 49. Ra5 Rd2 50. Ra8+ Ke7 51. Ra7+ Ke8 52. Rxa4 Rxh2 53.
Ra7 Rd2 54. a4 Rd5 55. Ke4 Rd6 56. a5 Nd5 57. Rb7 Nc3+ 58. Kf5 Ra6 59. Kg4 Rxa5
60. Rb8+ 1-0

[Event "Mondiale Lampo FIDE 2019"]
[Site "Mosca"]
[Date "30.12.2019"]
[Round "20.12"]
[White "Inarkiev, Ernesto"]
[Black "Matlakov, Maxim"]
[Result "1/2-1/2"]
[WhiteTitle "GM"]
[BlackTitle "GM"]
[WhiteElo "2663"]
[BlackElo "2699"]
[WhiteFideId "4162722"]
[BlackFideId "4168003"]
[EventDate "2019.12.29"]

1. d4 Nf6 2. Nf3 d5 3. Bf4 e6 4. e3 Bd6 5. Nbd2 Bxf4 6. exf4 O-O 7. Bd3 b6 8.
Qe2 c5 9. c3 a5 10. O-O Ba6 11. Bxa6 Nxa6 12. Ne5 Nb8 13. Ndf3 Qc7 14. Qb5 Ne4
15. g3 Nd6 16. Qe2 Nc6 17. Rad1 a4 18. a3 Rfc8 19. Rfe1 Nf5 20. Ng5 Nxe5 21.
fxe5 cxd4 22. g4 Nh4 23. Rxd4 Qe7 24. f4 h6 25. Nf3 Nxf3+ 26. Qxf3 Ra5 27. Rf1
Ra7 28. Rf2 b5 29. h3 Rac7 30. Kh2 Rc4 31. Rfd2 Qh4 32. Qg3 Qe7 33. Qf2 Qc7 34.
Qg3 Qb6 35. Qf2 Rxd4 36. Rxd4 Rc4 37. Qd2 Qc7 38. Kg2 Kf8 39. Qd3 Kg8 40. Kf3 g6
41. h4 Qe7 42. Kg3 Qc7 1/2-1/2

[Event "Mondiale Lampo FIDE 2019"]
[Site "Mosca"]
[Date "30.12.2019"]
[Round "20.13"]
[White "Adly, Ahmed"]
[Black "Nepomniachtchi, Ian"]
[Result "1/2-1/2"]
[WhiteTitle "GM"]
[BlackTitle "GM"]
[WhiteElo "2607"]
[BlackElo "2767"]
[WhiteFideId "10601619"]
[BlackFideId "4168119"]
[EventDate "2019.12.29"]

1. Nf3 d5 2. g3 Nc6 3. d4 Bf5 4. Bg2 Nb4 5. Na3 e6 6. O-O Nf6 7. Bf4 c6 8. c3
Na6 9. Nc2 Be7 10. Ne5 h6 11. f3 O-O 12. Qd2 c5 13. Rae1 Bxc2 14. Qxc2 cxd4 15.
cxd4 Rc8 16. Qb3 Nb4 17. Rc1 Nc6 18. Nxc6 bxc6 19. Be3 Qa5 20. Rc2 Rb8 21. Qc3
Qxa2 22. b4 Bxb4 23. Rxa2 Bxc3 24. Rxa7 Rb2 25. Rc1 Bd2 26. Bxd2 Rxd2 27. Bf1
Rxd4 28. Rxc6 Rb4 29. Rcc7 d4 30. Bh3 Nd5 31. Rd7 Ne3 32. Kf2 Nd1+ 33. Ke1 Ne3
34. Kf2 Nf5 35. Bxf5 exf5 36. Ra5 Re8 37. Rxf5 f6 38. Rf4 Rb2 39. Re4 Rxe4 1/2-1/2

[Event "Mondiale Lampo FIDE 2019"]
[Site "Mosca"]
[Date "30.12.2019"]
[Round "20.14"]
[White "Zhigalko, Sergei"]
[Black "Karjakin, Sergey"]
[Result "1/2-1/2"]
[WhiteTitle "GM"]
[BlackTitle "GM"]
[WhiteElo "2571"]
[BlackElo "2754"]
[WhiteFideId "13502956"]
[BlackFideId "14109603"]
[EventDate "2019.12.29"]

1. e4 e5 2. Nf3 Nc6 3. Bb5 a6 4. Ba4 Nf6 5. O-O Be7 6. Re1 b5 7. Bb3 O-O 8. a4
b4 9. d3 d6 10. a5 Be6 11. Nbd2 Rb8 12. Bc4 Qc8 13. h3 h6 14. b3 Re8 15. Bb2 Bf8
16. Nf1 Ne7 17. Bxe6 Qxe6 18. d4 Ng6 19. Ng3 Rb5 20. Qd3 c6 21. dxe5 dxe5 22.
Nd2 Bc5 23. Nc4 Rb7 24. Nf5 Rd7 25. Qg3 Kh7 26. Nxe5 Nh5 27. Qf3 Nxe5 28. Qxh5
Rd2 29. Re2 Red8 30. Rae1 f6 31. Bxe5 fxe5 32. Qh4 R8d7 33. Qg3 Qf6 34. Qf3 g6
35. Ne3 Qxf3 36. gxf3 Bxe3 37. fxe3 Rxe2 38. Rxe2 Rd1+ 39. Kg2 Ra1 40. Rd2 Rxa5
41. f4 Rc5 42. Kf3 a5 43. fxe5 Rxe5 44. Kf4 Rc5 45. e5 Kg7 46. Rd7+ Kf8 47. e6
Ke8 48. Ra7 g5+ 49. Ke4 h5 50. Rg7 Kf8 51. Rf7+ Ke8 52. Rg7 Rd5 53. Rh7 g4 54.
hxg4 hxg4 55. Rg7 Rc5 56. Kd4 Rd5+ 57. Ke4 Rc5 1/2-1/2

[Event "Mondiale Lampo FIDE 2019"]
[Site "Mosca"]
[Date "30.12.2019"]
[Round "20.15"]
[White "Dubov, Daniil"]
[Black "Cheparinov, Ivan"]
[Result "0-1"]
[WhiteTitle "GM"]
[BlackTitle "GM"]
[WhiteElo "2690"]
[BlackElo "2687"]
[WhiteFideId "24126055"]
[BlackFideId "2905540"]
[EventDate "2019.12.29"]

1. c4 c5 2. Nf3 Nc6 3. Nc3 g6 4. g3 Bg7 5. Bg2 e6 6. O-O Nge7 7. d3 O-O 8. Bg5
h6 9. Bd2 d5 10. Qc1 Kh7 11. Rd1 b6 12. h4 Bb7 13. Rb1 Qd7 14. a3 d4 15. Na2 e5
16. b4 Rab8 17. Qc2 f5 18. bxc5 bxc5 19. Nc1 Ba6 20. Rxb8 Rxb8 21. Qa4 Bc8 22.
e4 dxe3 23. Bxe3 Nd4 24. Qxd7 Bxd7 25. Nxd4 cxd4 26. Bd2 Bc6 27. Bb4 Bxg2 28.
Kxg2 Nc6 29. Rd2 a5 30. Bd6 Rb1 31. Rc2 Kg8 32. h5 gxh5 33. Ne2 Kf7 34. Bc7 Rb3
35. Nc1 Rxa3 36. Rb2 Rc3 37. Ne2 Rxd3 38. Rb6 Nb4 39. Bd6 Rd2 40. Rb7+ Ke6 41.
Bxb4 axb4 42. Ng1 Bf6 43. Rb6+ Kf7 44. Rxb4 e4 45. Nh3 d3 46. Rb7+ Kf8 47. Nf4
e3 48. Ne6+ Kg8 49. Kf3 e2 50. Rb1 Rd1 51. Rb8+ Kf7 0-1

[Event "Mondiale Lampo FIDE 2019"]
[Site "Mosca"]
[Date "30.12.2019"]
[Round "20.16"]
[White "Jobava, Baadur"]
[Black "Indjic, Aleksandar"]
[Result "1/2-1/2"]
[WhiteTitle "GM"]
[BlackTitle "GM"]
[WhiteElo "2604"]
[BlackElo "2619"]
[WhiteFideId "13601520"]
[BlackFideId "911925"]
[EventDate "2019.12.29"]

1. d4 Nf6 2. Bg5 g6 3. Bxf6 exf6 4. e3 d5 5. g3 c6 6. Bg2 h5 7. h4 f5 8. Ne2 Nd7
9. Nd2 Nf6 10. O-O Bd6 11. c4 dxc4 12. Nxc4 Be6 13. Nxd6+ Qxd6 14. Nf4 O-O 15.
Nxe6 Qxe6 16. a3 Rfd8 17. Rc1 Rac8 18. Qa4 a6 19. Rc5 Rc7 20. Rfc1 Re7 21. Qb4
Qd6 22. R5c4 Qc7 23. Bxc6 a5 24. Bg2 Qd7 25. Qxa5 f4 26. Rc7 Qe8 27. Rxe7 Qxe7
28. Qe5 Qxe5 29. dxe5 Ng4 30. exf4 Rd2 31. Rf1 Rxb2 32. Bf3 Nh6 33. Rd1 b6 34.
Rd8+ Kg7 35. Rd7 Kf8 36. Bd5 Rb1+ 37. Kg2 Rb2 38. Bf3 Nf5 39. Rd3 Ke7 40. Bd5
Nh6 41. Rb3 Rc2 42. Bf3 Ra2 43. Rxb6 Rxa3 44. Bxh5 Nf5 45. Bg4 Nd4 46. Rb7+ Kf8
47. h5 Kg7 48. e6 1/2-1/2

[Event "Mondiale Lampo FIDE 2019"]
[Site "Mosca"]
[Date "30.12.2019"]
[Round "20.17"]
[White "Morozevich, Alexander"]
[Black "Castellanos Rodriguez, Renier"]
[Result "1-0"]
[WhiteTitle "GM"]
[BlackTitle "IM"]
[WhiteElo "2659"]
[BlackElo "2474"]
[WhiteFideId "4116992"]
[BlackFideId "3404650"]
[EventDate "2019.12.29"]

1. e4 c5 2. Nc3 Nc6 3. f4 g6 4. Nf3 Bg7 5. a3 d6 6. Bc4 e6 7. O-O Nge7 8. d3 O-O
9. Ba2 b6 10. Qe1 Nd4 11. Nxd4 cxd4 12. Ne2 Qd7 13. Qf2 e5 14. fxe5 dxe5 15.
Bxf7+ Kh8 16. Qh4 Bb7 17. Bg5 Ng8 18. Bxg6 1-0